Fundamentals of Financial Management (Record no. 12041)
[ view plain ]
| 000 -LEADER | |
|---|---|
| fixed length control field | 00280nam a22001097a 4500 |
| 008 - FIXED-LENGTH DATA ELEMENTS--GENERAL INFORMATION | |
| fixed length control field | 191004b ||||| |||| 00| 0 eng d |
| 020 ## - INTERNATIONAL STANDARD BOOK NUMBER | |
| Linkage | 978-8120340749 |
| International Standard Book Number | 978-8120340749 |
| 082 ## - | |
| Classification number | 658.15 |
| 245 ## - TITLE STATEMENT | |
| Title | Fundamentals of Financial Management |
| 250 ## - EDITION STATEMENT | |
| Edition statement | 2nd |
| 260 ## - PUBLICATION, DISTRIBUTION, ETC. (IMPRINT) | |
| Place of publication, distribution, etc | PHI |
| Date of publication, distribution, etc | 2011 |
| Withdrawn status | Lost status | Source of classification or shelving scheme | Damaged status | Koha normalized classification for sorting | Not for loan | Koha collection | Location (home branch) | Sublocation or collection (holding branch) | Shelving location | Date acquired | Koha issues (times borrowed) | Koha full call number | Piece designation (barcode) | Koha date last seen | Koha date last borrowed | Price effective from | Koha item type |
|---|---|---|---|---|---|---|---|---|---|---|---|---|---|---|---|---|---|
| | | | | 658_150000000000000 | Not For Loan | Finance | MAJU | MAJU | Shelf No.B44 | 2019-10-04 | 1 | 658.15 | 7932 | 2022-04-24 | 2019-10-04 | 2019-10-04 | Finance |